000 00262nam a22001217a 4500
003 SGT
082 _a576.5
_bFLE
100 _aFLETCHER, HUGH
245 _aBIOS INSTANT NOTES GENETICS
260 _bGS GARLAND SCIENCE
_c2015
300 _a380
942 _2ddc
_cBK
_010
999 _c13707
_d13707